| 000 | 00818nam a2200241 i 4500 | ||
|---|---|---|---|
| 001 | 11169 | ||
| 003 | ES-MaACL | ||
| 005 | 20250731063017.0 | ||
| 008 | 901026s1988 sp ||||0| spa | ||
| 020 | _a84-87039-07-3 | ||
| 080 | _a914.60"15" | ||
| 100 | 1 |
_aColón, Fernando, _d1488-1539 _939874 |
|
| 245 | 1 | 0 |
_aDescripción y cosmografía de España _b: manuscrito de la Biblioteca Colombina / _cpor Fernando Colón. |
| 260 |
_aSevilla : _bPadilla Libros, _c1988. |
||
| 300 |
_a3 v ; _c24 cm. |
||
| 504 | _aÍndices. | ||
| 534 |
_pReprod. facs. de la ed. de: _cMadrid : Sociedad Geográfica, 1908-1910. |
||
| 651 | 4 |
_aEspaña- _xDescripción- _vObras anteriores a 1800. _9147509 |
|
| 655 | 7 |
_2tgfbne _9226495 _aFacsímiles |
|
| 852 |
_aES-MaACL _jL-18468-70 |
||
| 942 | _2udc | ||
| 999 |
_c11169 _d11169 |
||